|
|
|
|
| LEADER |
00000nam a2200000Ii 4500 |
| 001 |
DIGIBE0172 |
| 003 |
NyNyDIG |
| 006 |
m o d |
| 007 |
cr ||||||||||| |
| 008 |
130101s2011 sp ob 000 0 spa d |
| 020 |
|
|
|z 9788484895466 (Iberoamericana)
|
| 020 |
|
|
|z 8484895467 (Iberoamericana)
|
| 020 |
|
|
|z 9783865276551 (Vervuert)
|
| 020 |
|
|
|z 3865276555 (Vervuert)
|
| 035 |
|
|
|a (OCoLC)843455909
|
| 040 |
|
|
|a DGITA
|b eng
|e pn
|c DGITA
|
| 043 |
|
|
|a e-sp---
|
| 050 |
1 |
4 |
|a PQ6309
|
| 100 |
1 |
|
|a Manrique Gómez, Marta,
|d 1974-
|
| 245 |
1 |
3 |
|a La recepción de Calderón en el siglo XIX /
|c Marta Manrique Gómez.
|
| 264 |
|
1 |
|a [Pamplona?] :
|b Universidad de Navarra ;
|a Madrid :
|b Iberoamericana ;
|a Frankfurt am Main :
|b Vervuert,
|c 2011.
|
| 300 |
|
|
|a 1 online resource (251 pages)
|
| 336 |
|
|
|a text
|b txt
|2 rdacontent
|
| 337 |
|
|
|a computer
|b c
|2 rdamedia
|
| 338 |
|
|
|a online resource
|b cr
|2 rdacarrier
|
| 490 |
1 |
|
|a Biblioteca Aurea hispánica ;
|v 72.
|
| 500 |
|
|
|a Based on the author's thesis (Ph. D.--McGill University, 2009) presented under the title: Recepción político-literaria de Calderón : de la querella calderoniana a Menéndez Pelayo y sus discípulos.
|
| 504 |
|
|
|a Includes bibliographical references (p. [245]-251).
|
| 600 |
1 |
0 |
|a Calderón de la Barca, Pedro,
|d 1600-1681
|x Criticism and interpretation.
|
| 600 |
1 |
0 |
|a Calderón de la Barca, Pedro,
|d 1600-1681
|x Appreciation.
|
| 650 |
|
0 |
|a Nationalism and literature
|z Spain
|x History
|y 19th century.
|
| 650 |
|
0 |
|a Literature and society
|z Spain
|x History
|y 19th century.
|
| 651 |
|
0 |
|a Spain
|x Intellectual life
|y 19th century.
|
| 655 |
|
0 |
|a Electronic books.
|
| 791 |
2 |
|
|a Digitalia (Firm),
|e distributor.
|
| 830 |
|
0 |
|a Biblioteca Aurea hispánica ;
|v v. 72.
|
| 793 |
0 |
|
|g Digitalia eBook Collection:
|a Iberoamericana/Vervuert.
|
| 856 |
4 |
0 |
|3 Digitalia Hispánica
|u https://www.digitaliapublishing.com/a/15198/
|
| 910 |
|
|
|a Premium Collection: 2007-2012
|